Dunkerque - Choix multiples - Statistiques

Statistiques générales
  • Ce quiz a été pris 2 747 fois
    2 641 depuis la dernière actualisation
  • Le résultat moyen est 6 sur 10
Statistiques - réponses
Question Réponse % Correct
Quel acteur né à Dunkerque joue dans Les Tuche ? Jean-Paul Rouve
88%
Quel nom porte le corsaire dont Dunkerque est la cité, selon l'un de ses surnoms ? Jean Bart
84%
A qui doit-on le film Dunkerque ? Christopher Nolan
81%
Quels poissons lance-t-on lors du célèbre carnaval de Dunkerque ?
68%
Quelle ville du nord est la plus proche de Dunkerque ? Gravelines
60%
De quel sport les Quatre Jours de Dunkerque sont-ils une compétition célèbre ? Le cyclisme
48%
Le 25 juin 1658, Dunkerque changea trois fois de nationalités. Laquelle n'en fait pas partie ? Belge
47%
Quel nom porte l'opération ayant permis le rembarquement des troupes britanniques coincées dans la poche de Dunkerque en 1940 ? Opération Dynamo
42%
A quelle ville Dunkerque est-elle associée dans une expression autrefois utilisée par les partisans de l'Algérie française ? Tamanrasset
25%
Quel naufrage les dunkerquois purent observer en 1810 ? Celui du Queen Elisabeth
23%
Aucun quiz correspondant
Distribution des résultats
% des personnes avec chaque résultat
Percentile par nombre de réponses
Votre historique - résultats
Vous n’avez pas pris ce quiz depuis la dernière actualisation